Villes de Franche-Comté par département - Statistiques

Statistiques générales
  • Ce quiz a été pris 154 fois
  • Le résultat moyen est 11 sur 20
Statistiques - réponses
Ville Nombre d'habitants % Correct
Besançon
100%
Belfort
95%
Vesoul
95%
Lons-le-Saunier
94%
Montbéliard
92%
Dole
89%
Pontarlier
84%
Saint-Claude
67%
Lure
64%
Héricourt
53%
Audincourt 13 944
45%
Champagnole
41%
Luxeuil-les-Bains
39%
Gray
37%
Delle
30%
Valentigney
26%
Valdoie
23%
Hauts-de-Bienne
17%
Bavilliers
16%
Beaucourt
11%
Aucun quiz correspondant
Distribution des résultats
% des personnes avec chaque résultat
Percentile par nombre de réponses
Votre historique - résultats
Vous n’avez pas pris ce quiz